| 000 | 00587nam a2200217Ia 4500 | ||
|---|---|---|---|
| 999 |
_c41092 _d41092 |
||
| 001 | 7742 | ||
| 003 | GE_BSU | ||
| 005 | 20220923122233.0 | ||
| 008 | 181216s2012en xx |||||||||||||| ||eng|| | ||
| 020 | _a9780199758944 | ||
| 040 | _cGE_BSU | ||
| 041 | _aeng | ||
| 080 | _a741.2 R-79 | ||
| 100 |
_aRockman,Deborah _914727 |
||
| 245 |
_aDrawing Essentials: A Guide to drawing from Observation / _cDeborah Rockman |
||
| 264 |
_aOxford, _c2012. |
||
| 300 |
_a415 p. : _billustr. _c27cm. |
||
| 653 | _aDrawing Essentials | ||
| 653 | _aარქიტექტურა | ||
| 942 |
_cBK _2udc |
||